| 000 | 00370 a2200169 4500 | ||
|---|---|---|---|
| 001 | 163630 | ||
| 020 | _a85-215-0616-3 | ||
| 040 | _cMagnum | ||
| 100 | _aBraz, Julio Emilio | ||
| 240 | 1 | 0 |
_aA história de Lalo _lpor |
| 245 | 1 | 0 | _aA história de Lalo |
| 300 | _a127 | ||
| 362 | 0 | _a1992 | |
| 440 | 1 | _aAo Livro Técnico | |
| 697 | _aLITERATURA JUVENIL | ||
| 942 | _cBK | ||
| 999 |
_c163630 _d163630 |
||